Secret Of Frederick Oganam (Record no. 22869)

MARC details
000 -LEADER
fixed length control field 00371nam a2200133Ia 4500
008 - FIXED-LENGTH DATA ELEMENTS--GENERAL INFORMATION
fixed length control field 211109s9999||||xx |||||||||||||| ||und||
082 ## - DEWEY DECIMAL CLASSIFICATION NUMBER
Classification number 920
Item number CON-S
100 ## - MAIN ENTRY--PERSONAL NAME
Personal name O` Connor [re Edward],
245 #0 - TITLE STATEMENT
Title Secret Of Frederick Oganam
260 ## - PUBLICATION, DISTRIBUTION, ETC.
Name of publisher, distributor, etc. S h LEAGUE, ALWAYE NORTH P.O KERALA
Place of publication, distribution, etc. INDIA
Date of publication, distribution, etc. 1956
630 ## - SUBJECT ADDED ENTRY--UNIFORM TITLE
General subdivision General Stack
650 ## - SUBJECT ADDED ENTRY--TOPICAL TERM
Topical term or geographic name entry element Biography
942 ## - ADDED ENTRY ELEMENTS (KOHA)
Koha item type BOOK
650 ## - SUBJECT ADDED ENTRY--TOPICAL TERM
General subdivision Generalia
Holdings
Withdrawn status Lost status Damaged status Not for loan Home library Current library Date acquired Total Checkouts Full call number Barcode Shelving location Date last seen Price effective from Koha item type
        SB LIBRARY SB LIBRARY 09/11/2021   920 CON-S 00023615 GENERAL STACK 09/11/2021 09/11/2021 BOOK

Powered by Koha